| 000 | 01097cam a2200313 i 4500 | ||
|---|---|---|---|
| 001 | 77392 | ||
| 003 | TR-AnTOB | ||
| 005 | 20240506172109.0 | ||
| 007 | ta | ||
| 008 | 100816n tu a 000 0 tur d | ||
| 040 |
_aTR-AnTOB _beng _erda _cTR-AnTOB |
||
| 041 | 0 | _atur | |
| 050 | 1 | 4 |
_aNK9401.5.T8 _bT87 |
| 090 |
_aNK9401.5.T8 _bT87 |
||
| 245 | 0 |
_aTürk iğne ve boncuk oyalarından örnekler = _bsamples from Turkish needle and bead lace works. |
|
| 246 | 0 | 2 | _aSamples from Turkish needle and bead lace works. |
| 264 | 1 |
_aAnkara : _bT.C. Kültür Bakanlığı Halk Kültürlerini Araştırma ve Geliştirme Genel Müdürlüğü, _c[date of publication not identified] |
|
| 300 |
_a133 pages : _billustrations ; _c21 cm |
||
| 336 |
_atext _btxt _2rdacontent |
||
| 337 |
_aunmediated _bn _2rdamedia |
||
| 338 |
_avolume _bnc _2rdacarrier |
||
| 590 | _aGüzel Sanatlar Fakültesi Dekanlığı tarafından bağışlanmıştır. | ||
| 650 | 0 |
_aDantel ve dantel yapımı _zTürkiye _962069 |
|
| 902 | _a24192 | ||
| 903 | _aMerkez Kütüphane | ||
| 942 |
_2lcc _cBK |
||
| 945 | _aPÇ | ||
| 999 |
_c77392 _d25069 |
||